Statistics for Grand Duchies

Click here to take the quiz!

General Stats

  • This quiz has been taken 64 times
    (33 since last reset)
  • The average score is 5 of 22

Answer Stats

Answer% Correct
Luxembourg
90%
Lithuania
59%
Hesse
52%
Baden
48%
Tuscany
38%
Finland
31%
Kiev
31%
Oldenburg
28%
Rus
24%
Saxe-Weimar-Eisenach
24%
Muscovy
17%
Wurzburg
17%
Mecklenburg-Schwerin
14%
Mecklenburg-Strelitz
14%
Transylvania
14%
Berg
10%
Cracow
10%
Ryazan
10%
Frankfurt
7%
Fulda
3%
Lower Rhine
3%
Posen
3%

Score Distribution

Percentile by Number Answered

Percent of People with Each Score

Your Score History

You have not taken this quiz since the last reset